[Event "Gothenburg Kvibergspelen"]
[Site "Gothenburg"]
[Date "2018.04.20"]
[Round "1"]
[White "Kenani, Dariush"]
[Black "Bellon Lopez, Juan Manuel"]
[Result "1/2-1/2"]
[WhiteElo "1898"]
[BlackElo "2352"]
[PlyCount "104"]
[EventDate "2018.04.20"]
[EventType "swiss"]
[EventRounds "8"]
[EventCountry "SWE"]
[SourceTitle "CBM 184 Extra"]
[Source "ChessBase"]
[SourceDate "2018.06.28"]
[SourceVersion "1"]
[SourceVersionDate "2018.06.28"]
[SourceQuality "1"]

1. e4 c5 2. Nf3 e6 3. d4 cxd4 4. c3 d3 5. Bxd3 Nc6 6. 0-0 d6 7. Qc2 g6 8. Bf4 Bg7 9. Nbd2 e5 10. Bg3 Nf6 11. h3 0-0 12. Rad1 Qc7 13. Rfe1 a6 14. Nf1 Be6 15. Qb1 Nh5 16. Bh2 Nf4 17. Bxf4 exf4 18. Bc2 Rad8 19. Rd2 d5 20. Red1 dxe4 21. Bxe4 h6 22. Bd5 Bf5 23. Qc1 g5 24. Bxc6 Rxd2 25. Rxd2 Qxc6 26. Nd4 Qg6 27. Nxf5 Qxf5 28. Qd1 Qe6 29. Qb3 Qxb3 30. axb3 Re8 31. f3 Re1 32. Kf2 Rb1 33. Rc2 a5 34. Nd2 Ra1 35. Nc4 a4 36. b4 Kf8 37. Na3 Bf6 38. Ke2 h5 39. Kd3 Re1 40. Kc4 Re5 41. Rd2 Be7 42. Nb5 g4 43. hxg4 hxg4 44. Nd4 g3 45. Re2 b5+ 46. Kd3 Rh5 47. Ke4 Bd6 48. Nf5 Bc7 49. Rd2 Rh1 50. Nd4 Rh5 51. Nf5 Rh1 52. Rd7 Re1+ 1/2-1/2

[Event "Budapest FS08 FM-A2"]
[Site "Budapest"]
[Date "2013.08.05"]
[Round "3"]
[White "Bartha, Sandor"]
[Black "Kenani, Dariush"]
[Result "1-0"]
[WhiteElo "2135"]
[BlackElo "2046"]
[PlyCount "75"]
[EventDate "2013.08.03"]
[EventType "tourn"]
[EventRounds "10"]
[EventCountry "HUN"]
[SourceTitle "CBM 155 Extra"]
[Source "ChessBase"]
[SourceDate "2013.08.26"]
[SourceVersion "1"]
[SourceVersionDate "2013.08.26"]
[SourceQuality "1"]

1. d4 d5 2. Nf3 Nf6 3. Bg5 Ne4 4. Bf4 c6 5. e3 Nd7 6. Bd3 Ndf6 7. 0-0 Bg4 8. c4 e6 9. c5 h6 10. Qb3 Qc8 11. Ne5 Bf5 12. f3 Ng5 13. h4 Bxd3 14. Qxd3 Ngh7 15. Bg3 Be7 16. Nd2 Nd7 17. f4 Nhf6 18. Nef3 Nh5 19. Bf2 Ndf6 20. b4 Ng4 21. g3 f5 22. Kg2 Nhf6 23. b5 Ne4 24. Be1 g5 25. Nh2 Nxh2 26. Kxh2 gxh4 27. gxh4 Nxd2 28. Bxd2 Bxh4 29. Rg1 Bf2 30. Rg2 Qd8 31. Kh1 Qh4+ 32. Rh2 Qg4 33. Rxf2 Qh3+ 34. Rh2 Qf3+ 35. Rg2 Rg8 36. Qe2 Qxg2+ 37. Qxg2 Rxg2 38. Kxg2 1-0